000 00336nam a2200145Ia 4500
008 191201s2007 xx 000 0 und d
082 _a006.7
_bANM
100 _aTHAKRAR, Andleigh
245 0 _aMultimedia Systems Design
250 _aRep.
260 _aN.Delhi
_bPHI
_c2007
300 _a654
650 _aB.Tech(IT)
942 _2ddc
_cBK
999 _c2918
_d2918